Piratería y edición. El comercio del libro durante la ilustración.
Gespeichert in:
| 1. Verfasser: | |
|---|---|
| Weitere Verfasser: | |
| Format: | Buch |
| Veröffentlicht: |
México, D.F., México:
Fondo de Cultura Económica,
2024.
|
| Ausgabe: | Primera edición en español. |
| Schriftenreihe: | Historia.
|
| Schlagworte: | |
| Tags: |
Tag hinzufügen
Keine Tags, Fügen Sie den ersten Tag hinzu!
|
MARC
| LEADER | 00000nam a22000007a 4500 | ||
|---|---|---|---|
| 003 | CL-VaPUC | ||
| 005 | 20250408094112.0 | ||
| 008 | 250326t2024 ||||| |||| 00| 0 spa d | ||
| 999 | |c 447678 |d 447676 | ||
| 020 | |a 978-607-16-8112-6 | ||
| 040 | |c Pontificia Universidad Católica de Valparaíso | ||
| 082 | 7 | |a 070.50944 DAR 2024 |2 22 | |
| 100 | 1 | |a Darnton, Robert |e autor |9 897605 | |
| 245 | 1 | 0 | |a Piratería y edición. |b El comercio del libro durante la ilustración. |
| 250 | |a Primera edición en español. | ||
| 260 | |a México, D.F., México: |b Fondo de Cultura Económica, |c 2024. | ||
| 300 | |a 387 páginas. | ||
| 490 | |a Historia. | ||
| 500 | |a c.1. Compra Director Ricardo Iglesias S. MEMO HIS/001 3-3-2025 | ||
| 583 | |c 20250326 |k GC | ||
| 650 | |a Edición |x Aspectos legales |z Francia |y Siglo 18 |9 897616 | ||
| 650 | |a Libreros |x Aspectos legales |z Francia |x Historia |y Siglo 18 |9 897617 | ||
| 650 | |a Editores y publicaciones |x Aspectos legales |z Francia |x Historia |y Siglo 18 |9 897618 | ||
| 650 | |a Industria editorial |x Aspectos legales |z Francia |x Historia |y Siglo 18 |9 897619 | ||
| 700 | |a Pérez Sáez, Alejandro |e traducción |9 897606 | ||
| 942 | |2 ddc |c BK | ||
| 952 | |0 0 |1 0 |2 ddc |4 0 |6 070_509440000000000_DAR_2024 |7 0 |8 A |9 601925 |a BIBHIS |b BIBHIS |d 2025-03-26 |i 5666827 |o 070.50944 DAR 2024 |p 5666827 |r 2025-03-26 |t 1 |w 2025-03-26 |y BK |k HIS | ||